Arctic Monkeys Lyrics - Old Yellow Bricks - Statistics

General Stats
  • This quiz has been taken 164 times
    137 since last reset
  • The average score is 185 of 225
Answer Stats
Lyrics % Correct
a
100%
bricks,
100%
Old
100%
Yellow
100%
risk
97%
the
97%
"I
95%
I
95%
love,
95%
you
95%
You
95%
love's
94%
when
94%
you're
93%
You're
93%
know
92%
what
90%
but
88%
But
88%
don't
88%
in
88%
that
88%
That
88%
to
88%
from
87%
running
87%
up?
87%
up
87%
up?"
87%
are
86%
away
86%
city
86%
never
86%
wakes
86%
want
86%
wants
86%
sleep
85%
Who
85%
"Who
85%
fugitive
84%
Quite
84%
was
84%
by
83%
She
83%
she
83%
nostalgia
81%
nostalgia"
81%
and
80%
And
80%
this
80%
better
79%
can't
79%
Houdini,
79%
little
78%
said,
78%
than
78%
though
77%
thousand
77%
For
76%
so
76%
places
74%
anyone
73%
right
73%
Blinded
72%
Dorothy
71%
wished
71%
escapologist
70%
way
70%
cage
69%
trick
66%
enraged
65%
couldn't
64%
kid
64%
revel
64%
Looked
63%
miffed
63%
us
63%
such
62%
It
57%
it
57%
days
53%
just
52%
trapped
52%
because
51%
thought
51%
bottles
50%
beer
48%
wasn't
48%
all
47%
at
44%
were
44%
dull
40%
loss
40%
nights
37%
reading
37%
emperors
36%
deemed
28%
Leading
24%
No matching quizzes found
Score Distribution
Percent of People with Each Score
Percentile by Number Answered
Your Score History
You have not taken this quiz since the last reset